Todas as equipas de Fórmula 1 desde 1950 | Português - Statistics

Estatísticas Gerais
  • Esse quiz foi jogado 174 vezes
  • A pontuação média é 27 de 179
Estatísticas das Respostas
Primeiro ano Ano passado Equipa % Correto
1950 Ferrari
99%
1965 1965 RE
97%
1966 McLaren
95%
1954 Mercedes
93%
2005 Red Bull
90%
1975 Williams
87%
2016 Haas
81%
1993 Sauber
81%
1959 Aston Martin
80%
1977 2020 Renault
79%
2012 2015 Lotus F1
76%
1958 1994 Team Lotus
76%
2021 Alpine
74%
1950 2023 Alfa Romeo
68%
2020 2023 Alpha Tauri
68%
2006 2019 Toro Rosso
65%
1964 2008 Honda
55%
1952 1953 BMW
54%
2008 2018 Force India
52%
1986 2001 Benetton
51%
1962 1992 Brabham
49%
2009 2009 Brawn
48%
2024 Racing Bulls
47%
2002 2009 Toyota
44%
2000 2004 Jaguar
41%
1985 2005 Minardi
41%
2016 2020 Racing Point
39%
1981 1985 Toleman
38%
1991 2005 Jordan
35%
1975 1982 Fittipaldi
32%
1957 1964 Porsche
32%
1997 2001 Prost
32%
1970 1998 Tyrrell
28%
1991 1991 Lambo
27%
1950 1960 Maserati
25%
1997 1999 Stewart
25%
1978 2002 Arrows
24%
2010 2012 HRT
22%
1999 2005 BAR
20%
2010 2014 Caterham
19%
1951 1977 BRM
18%
1962 1993 Lola
18%
2012 2016 Manor
18%
2006 2007 Spyker
15%
2006 2008 Super Aguri
15%
1976 1996 Ligier
14%
1992 1992 Andrea Moda
13%
1956 1956 Bugatti
12%
1967 1972 Matra
12%
1954 1960 Vanwall
12%
2006 2010 BMW Sauber
9%
1988 1992 Dallara
9%
1995 1996 Forti
9%
1990 1990 Life
9%
2006 2006 Midland
9%
1983 1985 RAM
9%
1991 1996 Footwork
8%
1954 1955 Lancia
8%
1970 1992 March
8%
1974 1977 Penske
8%
1985 1989 Zakspeed
8%
1986 1991 AGS
7%
1974 1978 Hesketh
7%
1980 1990 Osella
7%
1994 1995 Simtek
7%
1987 1989 Coloni
6%
1973 1982 Ensign
6%
1989 1990 Onyx
6%
1963 1984 ATS
5%
1988 1990 Euro Brun
5%
1952 1956 Gordini
5%
1975 1975 Hill
5%
1987 1994 Larrousse
5%
1977 1977 LEC
5%
1973 1980 Shadow
5%
1983 1985 Spirit
5%
1970 1978 Surtees
5%
2010 2011 Virgin Racing
5%
1977 1979 Wolf
5%
1991 1992 Fondmetal
4%
1951 1954 HWM
4%
1990 1991 Leyton House
4%
1978 1978 Martini
4%
1974 1976 Parnelli
4%
1970 1971 Bellasi
3%
1961 1970 De Tomaso
3%
1966 1969 Eagle
3%
1950 1952 ERA
3%
1973 1974 Iso Marlboro
3%
1978 1979 Merzario
3%
1951 1958 Osca
3%
1988 1989 Rial
3%
1952 1953 AFM
2%
1974 1974 Amon
2%
1977 1977 Apollo
2%
1955 1955 Arzani-Volpini
2%
1960 1960 Behra-Porsche
2%
1976 1977 Boro
2%
1963 1964 BRP
2%
1952 1959 Connaught
2%
1972 1972 Connew
2%
1950 1967 Cooper-Climax
2%
1977 1977 Copersucar-Fittipaldi
2%
1956 1962 Emeryson
2%
1953 1953 EMW
2%
1959 1961 JBW
2%
1976 1977 Kojima
2%
1950 1960 Kurtis Kraft
2%
1962 1968 LDS
2%
1974 1975 Lyncar
2%
1961 1961 MBM
2%
1950 1950 Milano
2%
1950 1951 Talbot-Lago
2%
1959 1959 Tec-Mec
2%
1969 1973 Tecno
2%
1978 1983 Theodore
2%
1974 1974 Token
2%
1974 1974 Trojan
2%
1950 1950 Adams
1%
1950 1952 Alta
1%
1952 1952 Aston Butterworth
1%
1951 1954 Bromme
1%
1959 1960 Christensen
1%
1952 1952 Cisitalia
1%
1950 1950 Clemente Biondetti
1%
1968 1968 Cooper-BRM
1%
1960 1960 Cooper-Castellotti
1%
1950 1952 Deidt
1%
1953 1953 Del Roy
1%
1964 1964 Derrington-Francis
1%
1957 1959 Dunn
1%
1959 1959 Elder
1%
1962 1962 ENB
1%
1955 1960 Epperly
1%
1950 1960 Ewing
1%
1961 1961 Ferguson
1%
1961 1961 FISA
1%
1952 1952 Frazer-Nash
1%
1959 1959 Fry
1%
1961 1963 Gilby
1%
1951 1951 Hall
1%
1979 1979 Kauhsen
1%
1954 1954 Klenk
1%
1951 1960 Kuzma
1%
1950 1950 Langley
1%
1950 1960 Lesovsky
1%
1974 1976 Maki
1%
1950 1951 Marchese
1%
1977 1977 McGuire
1%
1960 1960 Meskowski
1%
1950 1959 Moore
1%
1950 1950 Olson
1%
1954 1955 Pankratz
1%
1951 1955 Pawl
1%
1954 1960 Phillips
1%
1967 1967 Protos
1%
1950 1950 Rae
1%
1979 1979 Rebaque
1%
1960 1960 Scarab
1%
1951 1955 Schroeder
1%
1961 1961 Scuderia Sant Ambroeus
1%
1966 1966 Shannon
1%
1951 1952 Sherman
1%
1950 1953 Simca
1%
1950 1950 Snowberger
1%
1963 1963 Stebro
1%
1950 1956 Stevens
1%
1959 1959 Sutton
1%
1960 1969 Cooper-Maserati
0%
1950 1954 Nichels
0%
1994 1995 Pazific
0%
1972 1972 Politoys
0%
1963 1964 Scirocco
0%
1951 1960 Trevis
0%
1953 1953 Turner
0%
1951 1953 Veritas
0%
1950 1960 Watson
0%
1950 1950 Wetteroth
0%
1976 1976 Wolf-Williams
0%
Nenhum quiz correspondente encontrado
Distribuição das Pontuações
Porcentagem de Pessoas com Cada Pontuação
Percentil de Números Respondidos
Sua Pontuação Histórica
Você não jogou esse quiz